000 00329nam a22001457a 4500
008 210311b ||||| |||| 00| 0 eng d
020 _a9780323012768
041 _aeng
080 _26th
_a610.73
082 _a610.73
100 _a1
101 _aINF
245 _aCurrent Issues in Nursing
_cDochterman,M,J
942 _2udc
_cBK
999 _c56411
_d56411